Исследование метрологической надежности измерителей скорости "Визир"; Современные техника и технологии; Т. 1

Bibliografiske detaljer
Parent link:Современные техника и технологии: сборник трудов XXI международной научной конференции студентов, аспирантов и молодых ученых, Томск, 5-9 октября 2015 г./ Национальный исследовательский Томский политехнический университет (ТПУ).— , 2015
Т. 1.— [С. 270-272]
Hovedforfatter: Ломакина А. А.
Institution som forfatter: Национальный исследовательский Томский политехнический университет (ТПУ) Институт кибернетики (ИК) Кафедра компьютерных измерительных систем и метрологии (КИСМ)
Andre forfattere: Казаков В. Ю. Вениамин Юрьевич (научный руководитель)
Summary:Заглавие с титульного экрана
In this paper we have been selected experimental methods for estimating the reliability. The object of the study was the rate meter radar video "Vizir."
В данной работе был выбран экспериментальный метод оценки показателей надежности. Объектом исследования являлся измеритель скорости радиолокационный видеозаписывающий "Визир".
Sprog:russisk
Udgivet:
Serier:Электронные устройства контроля и диагностики
Fag:
Online adgang:http://earchive.tpu.ru/handle/11683/22160
http://www.lib.tpu.ru/fulltext/c/2015/C01/V1/083.pdf
Format: MixedMaterials Electronisk Book Chapter
KOHA link:https://koha.lib.tpu.ru/cgi-bin/koha/opac-detail.pl?biblionumber=615123

MARC

LEADER 00000naa2a2200000 4500
001 615123
005 20240119144457.0
035 |a (RuTPU)RU\TPU\conf\13322 
035 |a RU\TPU\conf\13315 
090 |a 615123 
100 |a 20151027d2015 k y0rusy50 ca 
101 0 |a rus 
102 |a RU 
105 |a y z 101zy 
135 |a drcn ---uucaa 
181 0 |a i  
182 0 |a b 
200 1 |a Исследование метрологической надежности измерителей скорости "Визир"  |d Research metrological reliability speed measuring "Vizier"  |f А. А. Ломакина  |g науч. рук. В. Ю. Казаков 
203 |a Текст  |c электронный 
225 1 |a Электронные устройства контроля и диагностики 
300 |a Заглавие с титульного экрана 
320 |a [Библиогр.: с. 272 (3 назв.)] 
330 |a In this paper we have been selected experimental methods for estimating the reliability. The object of the study was the rate meter radar video "Vizir." 
330 |a В данной работе был выбран экспериментальный метод оценки показателей надежности. Объектом исследования являлся измеритель скорости радиолокационный видеозаписывающий "Визир". 
337 |a Adobe Reader 
461 1 |0 (RuTPU)RU\TPU\conf\13102  |t Современные техника и технологии  |o сборник трудов XXI международной научной конференции студентов, аспирантов и молодых ученых, Томск, 5-9 октября 2015 г.  |o в 2 т.  |f Национальный исследовательский Томский политехнический университет (ТПУ)  |d 2015 
463 0 |0 (RuTPU)RU\TPU\conf\13104  |t Т. 1  |f под ред. А. А. Сивкова [и др.]  |v [С. 270-272] 
510 1 |a Research metrological reliability speed measuring "Vizier"  |z eng 
610 1 |a труды учёных ТПУ 
610 1 |a электронный ресурс 
610 1 |a метрологическая надежность 
610 1 |a измерители 
610 1 |a скорости 
610 1 |a радиолокационные приборы 
700 1 |a Ломакина  |b А. А. 
702 1 |a Казаков  |b В. Ю.  |c специалист в области контрольно-измерительной техники  |c доцент Томского политехнического университета, кандидат физико-математических наук   |f 1959-  |g Вениамин Юрьевич  |4 727 
712 0 2 |a Национальный исследовательский Томский политехнический университет (ТПУ)  |b Институт кибернетики (ИК)  |b Кафедра компьютерных измерительных систем и метрологии (КИСМ)  |3 (RuTPU)RU\TPU\col\18706 
801 2 |a RU  |b 63413507  |c 20210120  |g RCR 
856 4 |u http://earchive.tpu.ru/handle/11683/22160 
856 4 |u http://www.lib.tpu.ru/fulltext/c/2015/C01/V1/083.pdf 
942 |c BK